[Event "VIE-ch U15 Girls"]
[Site "Da Lat"]
[Date "2013.07.??"]
[Round "9"]
[White "Nguyen Quang Kim, Yen"]
[Black "Nguyen, Ngoc Tram1111"]
[Result "1-0"]
[WhiteElo "1983"]
[BlackElo "1985"]
[PlyCount "127"]
[EventDate "2013.07.13"]
[EventType "swiss"]
[EventRounds "9"]
[EventCountry "VIE"]
[SourceTitle "EXT 2014"]
[Source "ChessBase"]
[SourceDate "2013.11.20"]
[SourceVersion "1"]
[SourceVersionDate "2013.11.20"]
[SourceQuality "1"]

1. e4 e5 2. Nf3 Nc6 3. Bc4 d6 4. Nc3 Nf6 5. Ng5 d5 6. exd5 Na5 7. d3 Bb4 8. Bd2 Bxc3 9. Bxc3 Nxc4 10. dxc4 0-0 11. 0-0 Re8 12. Re1 Ng4 13. Nf3 e4 14. Qd4 Nf6 15. Nd2 Bf5 16. Re3 Re7 17. Rg3 Bg6 18. Re1 Qe8 19. Bb4 Re5 20. Bc3 Re7 21. Rge3 b6 22. b4 Rd8 23. f3 c6 24. fxe4 cxd5 25. cxd5 Qa4 26. Rf3 Rxd5 27. exd5 Rxe1+ 28. Kf2 Qe8 29. Kg3 Nh5+ 30. Kh3 f6 31. g4 Qd7 32. Kh4 Rh1 33. Nf1 Be4 34. Qxe4 g5+ 35. Kh3 Rg1 36. Bd2 Nf4+ 37. Rxf4 gxf4 38. Qxf4 Qxd5 39. Qf2 Rxf1 40. Qxf1 Qxd2 41. Qxf6 Qxb4 42. Qe6+ Kf8 43. Qf5+ Kg8 44. Qd5+ Kg7 45. Qb3 Qxb3+ 46. cxb3 Kf6 47. Kh4 Kg6 48. g5 b5 49. Kg4 a5 50. h4 a4 51. h5+ Kg7 52. Kf5 Kf7 53. g6+ hxg6+ 54. hxg6+ Kg7 55. b4 Kf8 56. Kf6 Kg8 57. g7 a3 58. Ke6 Kxg7 59. Kd5 Kf7 60. Kc5 Ke7 61. Kxb5 Kd7 62. Ka4 Kc6 63. Kxa3 Kb6 64. Ka4 1-0

[Event "VIE-ch U15 Girls"]
[Site "Da Lat"]
[Date "2013.07.??"]
[Round "6"]
[White "Vu, Thi Dieu Ai"]
[Black "Nguyen Quang Kim, Yen"]
[Result "1-0"]
[WhiteElo "1858"]
[BlackElo "1983"]
[PlyCount "139"]
[EventDate "2013.07.13"]
[EventType "swiss"]
[EventRounds "9"]
[EventCountry "VIE"]
[SourceTitle "EXT 2014"]
[Source "ChessBase"]
[SourceDate "2013.11.20"]
[SourceVersion "1"]
[SourceVersionDate "2013.11.20"]
[SourceQuality "1"]

1. d4 f5 2. g3 Nf6 3. Bg2 e6 4. Nf3 d5 5. 0-0 Be7 6. c4 c6 7. Nc3 0-0 8. cxd5 cxd5 9. Bf4 Bd6 10. Bxd6 Qxd6 11. Qb3 Nc6 12. Nb5 Qd8 13. Ne5 Nxe5 14. dxe5 Ne4 15. Rfd1 Nc5 16. Qc2 Qb6 17. Nd6 Nd7 18. Qc3 Nc5 19. b4 Ne4 20. Bxe4 fxe4 21. e3 Bd7 22. a4 Qc6 23. Qd2 Be8 24. b5 Qd7 25. Nxe4 Bh5 26. Rf1 Bf3 27. Ng5 Bg4 28. f4 Rad8 29. Qd4 h6 30. Nf3 b6 31. Rac1 Rc8 32. Nd2 Bh3 33. Rfe1 Qf7 34. e4 Rcd8 35. exd5 Rxd5 36. Qe3 Rfd8 37. Ne4 Rd3 38. Qe2 Qg6 39. Qf2 R8d4 40. Nc3 Rd2 41. Re2 R2d3 42. Re3 Rxe3 43. Qxe3 Rd3 44. Qf2 Qg4 45. Ne2 Rf3 46. Qd4 Qg6 47. Qd8+ Kh7 48. Qh4 Qg4 49. Qxg4 Bxg4 50. Rc3 Kg6 51. Rxf3 Bxf3 52. Kf2 Bd5 53. Nd4 Bc4 54. Kf3 a6 55. g4 axb5 56. axb5 Kf7 57. f5 Ke7 58. Kf4 Kf7 59. fxe6+ Ke7 60. Kf5 Bd3+ 61. Kf4 g5+ 62. Ke3 Bc4 63. Ke4 Ba2 64. Nf5+ Kxe6 65. Nxh6 Bc4 66. Nf5 Bxb5 67. Nd4+ Ke7 68. Nxb5 Ke6 69. Nd4+ Ke7 70. Kf5 1-0